<?xml version="1.0" encoding="UTF-8"?>
<record
    xmlns:xsi="http://www.w3.org/2001/XMLSchema-instance"
    xsi:schemaLocation="http://www.loc.gov/MARC21/slim http://www.loc.gov/standards/marcxml/schema/MARC21slim.xsd"
    xmlns="http://www.loc.gov/MARC21/slim">

  <leader>00418nam a22001457a 4500</leader>
  <controlfield tag="005">20150807170401.0</controlfield>
  <controlfield tag="008">140127b        mx||||| |||| 00| 0 spa d</controlfield>
  <datafield tag="050" ind1=" " ind2=" ">
    <subfield code="a">PQ7296 </subfield>
    <subfield code="b">H8 1967 </subfield>
  </datafield>
  <datafield tag="100" ind1="1" ind2=" ">
    <subfield code="a">Ochoa, Alvaro </subfield>
  </datafield>
  <datafield tag="245" ind1="1" ind2="0">
    <subfield code="a">Diego Jose Abad y su familia / </subfield>
    <subfield code="c">Alvaro Ochoa  </subfield>
  </datafield>
  <datafield tag="260" ind1=" " ind2=" ">
    <subfield code="a">M&#xE9;xico :  </subfield>
    <subfield code="b">Fonapas</subfield>
  </datafield>
  <datafield tag="300" ind1=" " ind2=" ">
    <subfield code="a">97 p. ; </subfield>
    <subfield code="c">20 cm. </subfield>
  </datafield>
  <datafield tag="650" ind1=" " ind2=" ">
    <subfield code="a">Poetas mexicanos</subfield>
    <subfield code="x">Biografias </subfield>
    <subfield code="y">siglo XVIII</subfield>
  </datafield>
  <datafield tag="942" ind1=" " ind2=" ">
    <subfield code="2">lcc</subfield>
    <subfield code="c">LIB</subfield>
  </datafield>
  <datafield tag="999" ind1=" " ind2=" ">
    <subfield code="c">3055</subfield>
    <subfield code="d">3055</subfield>
  </datafield>
  <datafield tag="952" ind1=" " ind2=" ">
    <subfield code="1">0</subfield>
    <subfield code="2">lcc</subfield>
    <subfield code="4">0</subfield>
    <subfield code="7">0</subfield>
    <subfield code="a">HEM-021</subfield>
    <subfield code="b">HEM-021</subfield>
    <subfield code="c">GENERAL</subfield>
    <subfield code="d">2014-01-27</subfield>
    <subfield code="f">1</subfield>
    <subfield code="i">T</subfield>
    <subfield code="k">EH</subfield>
    <subfield code="o">PQ7296.A23 O36</subfield>
    <subfield code="p">hpu000001335</subfield>
    <subfield code="r">2014-01-27 00:00:00</subfield>
    <subfield code="t">1</subfield>
    <subfield code="y">LIB</subfield>
  </datafield>
  <datafield tag="952" ind1=" " ind2=" ">
    <subfield code="1">0</subfield>
    <subfield code="2">lcc</subfield>
    <subfield code="4">0</subfield>
    <subfield code="7">0</subfield>
    <subfield code="a">HEM-021</subfield>
    <subfield code="b">HEM-021</subfield>
    <subfield code="c">GENERAL</subfield>
    <subfield code="d">2014-01-27</subfield>
    <subfield code="f">1</subfield>
    <subfield code="i">T</subfield>
    <subfield code="k">EH</subfield>
    <subfield code="o">PQ7296.A23 O36</subfield>
    <subfield code="p">hpu000001336</subfield>
    <subfield code="r">2014-01-27 00:00:00</subfield>
    <subfield code="t">2</subfield>
    <subfield code="y">LIB</subfield>
  </datafield>
  <datafield tag="952" ind1=" " ind2=" ">
    <subfield code="1">0</subfield>
    <subfield code="2">lcc</subfield>
    <subfield code="4">0</subfield>
    <subfield code="7">0</subfield>
    <subfield code="a">BACH-004</subfield>
    <subfield code="b">BACH-004</subfield>
    <subfield code="c">GENERAL</subfield>
    <subfield code="d">2015-08-11</subfield>
    <subfield code="f">1a. ed.</subfield>
    <subfield code="k">EH</subfield>
    <subfield code="o">CT183 A2 S/F</subfield>
    <subfield code="p">PPO000001771</subfield>
    <subfield code="r">2015-08-11 00:00:00</subfield>
    <subfield code="t">C:1</subfield>
    <subfield code="y">LIB</subfield>
  </datafield>
</record>
